书目信息 |
| 题名: |
实用运动医务监督
|
|
| 作者: | 王琳 , 王安利 著 | |
| 分册: | ||
| 出版信息: | 北京 北京体育大学出版社 2005 |
|
| 页数: | 177页 | |
| 开本: | 21cm | |
| 丛书名: | ||
| 单 册: | ||
| 中图分类: | R872 | |
| 科图分类: | ||
| 主题词: | 运动医学 , 医务监督 , 运动医学--医务监督 | |
| 电子资源: | ||
| ISBN: | 7-81100-332-5 | |
| 000 | 00865nam0 2200253 450 | |
| 001 | 002965231 | |
| 005 | 20061107103401.89 | |
| 010 | @a7-81100-332-5@dCNY15.00 | |
| 100 | @a20050628d2005 em y0chiy0110 ea | |
| 101 | 0 | @achi |
| 102 | @aCN@b110000 | |
| 105 | @aa z 000yy | |
| 200 | 1 | @a实用运动医务监督@9shi yong yun dong yi wu jian du@f王琳,王安利著 |
| 210 | @a北京@c北京体育大学出版社@d2005 | |
| 215 | @a177页@c图@d21cm | |
| 330 | @a本书主要介绍如何在训练和生活实践中开展运动医务监督工作、应用现有条件进行训练情况监控、对运动员或者体育锻炼者身体机能进行评定、合理地控制体重、消除疲劳等问题。 | |
| 606 | 0 | @a运动医学 |
| 606 | 0 | @a医务监督 |
| 606 | 0 | @a运动医学@x医务监督 |
| 690 | @aR872@v4 | |
| 701 | 0 | @a王琳@9wang lin@c(运动医学,@f1959~)@4著 |
| 701 | 0 | @a王安利@9wang an li@c(运动医学)@4著 |
| 801 | 0 | @aCN@bNLC@c20061107 |
| 905 | @a10447@dR872@e9 | |
| 实用运动医务监督/王琳,王安利著.-北京:北京体育大学出版社,2005 |
| 177页:图;21cm |
| ISBN 7-81100-332-5:CNY15.00 |
| 本书主要介绍如何在训练和生活实践中开展运动医务监督工作、应用现有条件进行训练情况监控、对运动员或者体育锻炼者身体机能进行评定、合理地控制体重、消除疲劳等问题。 |
| ● |
| 相关链接 |
|
|
|
|
正题名:实用运动医务监督
索取号:R872/9
 
预约/预借
| 序号 | 登录号 | 条形码 | 馆藏地/架位号 | 状态 | 备注 |
| 1 | 0382356 | 203823568 | 第二样本阅览室/ [索取号:R872/9] | 在馆 | |
| 2 | 0382357 | 203823577 | 第三借阅区/ [索取号:R872/9] | 在馆 | |
| 3 | 0382358 | 203823586 | 第三借阅区/ [索取号:R872/9] |
已借出,限还日期为2012.12.13 借出人:赵宏铭 |
|
| 4 | 0382359 | 203823595 | 第三借阅区/ [索取号:R872/9] | 在馆 | |
| 5 | 0382360 | 203823602 | 第三借阅区/ [索取号:R872/9] | 在馆 |